000 00214 a2200097 4500
001 28204
100 _aConnor, J D
245 _aBetter English pronunciation
260 _a
_bCambridge
_c1970
090 _c18834
_d18834
942 _aNUST-CAE
_cM
_c9818
999 _c263277
_d263277